| 000 | 02212nam1a2200373 i 4500 | ||
|---|---|---|---|
| 001 | RU\NLR\BIBL_A\012736745 | ||
| 005 | 20260406080458.0 | ||
| 010 |
_a9785090903684 _9700 |
||
| 035 | _a(NLR Aleph) 012736745 | ||
| 090 |
_a12989507 _c12989507 |
||
| 100 | _a20220322d2022 c y0rusy50 ca | ||
| 101 | 0 | _arus | |
| 102 | _aRU | ||
| 105 | _a||||j|||||||| | ||
| 181 | 0 |
_ai3 _baxxe |
|
| 182 | 0 | _an | |
| 200 | 1 |
_aМатематика _e3 класс _eучебник _eсистема Д. Б. Эльконина - В. В. Давыдова _eсоответствует Федеральному государственному стандарту и Примерной основной образовательной программе начального общего образования _eв 2 книгах _fДавыдов Василий Васильевич, Горбов Сергей Фёдорович, Микулина Генриетта Глебовна, Савельева Ольга Владимировна |
|
| 203 |
_aТекст _bвизуальный _cнепосредственный |
||
| 205 | _a3-е изд., стер. | ||
| 210 |
_aМосква _cПросвещение _d2022 [т. е. 2021] |
||
| 215 | _d22 | ||
| 300 | _aАвт. указаны на обороте тит. с. | ||
| 300 | _aКн. фактически изд. в 2021 г. | ||
| 313 | _a2-е изд. 2021 г. | ||
| 606 | 1 |
_aМатематика _jУчебники для начальной школы _9922118 _3RU\NLR\AUTH\6619329 |
|
| 686 | 3 | _aВ10я711-1 | |
| 701 | 1 |
_7ca _8rus _aДавыдов _bВ. В. _cд-р психол. наук, математик _f1930-1998 _gВасилий Васильевич _99966 _3RU\NLR\AUTH\7726928 |
|
| 701 | 1 |
_7ca _8rus _aГорбов _bС. Ф. _gСергей Федорович _94724 _3RU\NLR\AUTH\7721663 |
|
| 701 | 1 |
_7ca _8rus _aМикулина _bГ. Г. _gГенриетта Глебовна _924989 _3RU\NLR\AUTH\7742042 |
|
| 701 | 1 |
_7ca _8rus _aСавельева _bО. В. _cканд. психол. наук, математик _gОльга Владимировна _924990 _3RU\NLR\AUTH\7742043 |
|
| 852 |
_aNLR _j2022-5/2813 |
||
| 942 | _cBOOK | ||